书目信息 |
| 题名: |
城市居民绿色住宅支付响应的机理、测度及助推策略
|
|
| 作者: | 李倩文 , 龙如银 著 | |
| 分册: | ||
| 出版信息: | 北京 中国社会科学出版社 2024.07 |
|
| 页数: | 472页 | |
| 开本: | 24cm | |
| 丛书名: | ||
| 单 册: | ||
| 中图分类: | F293.35 | |
| 科图分类: | ||
| 主题词: | 住宅市场--生态建筑--居民--消费心理--支付方式 | |
| 电子资源: | ||
| ISBN: | 978-7-5227-3893-2 | |
| 000 | 01223nam0 2200253 450 | |
| 001 | 013122870 | |
| 005 | 20251022175600.68 | |
| 010 | @a978-7-5227-3893-2@dCNY158.00 | |
| 100 | @a20240910d2024 em y0chiy0120 ea | |
| 101 | 0 | @achi |
| 102 | @aCN@b110000 | |
| 105 | @aa z 000yy | |
| 106 | @ar | |
| 200 | 1 | @a城市居民绿色住宅支付响应的机理、测度及助推策略@9cheng shi ju min lu se zhu zhai zhi fu xiang ying de ji li、ce du ji zhu tui ce lue@dMechanism, measurement, and nudge strategies of green housing payment response for urban residents@f李倩文,龙如银著@zeng |
| 210 | @a北京@c中国社会科学出版社@d2024.07 | |
| 215 | @a472页@c图@d24cm | |
| 330 | @a本书聚焦城市居民绿色住宅溢价支付的关键因素、结构特征与实现机制识别、溢价支付水平阈值测度及助推绿色住宅推广的多阶政策体系设计等核心问题,使用多学科的理论与方法进行研究,在研究过程中注重研究方法选用的科学性。 | |
| 510 | 1 | @aMechanism, measurement, and nudge strategies of green housing payment response for urban residents@zeng |
| 606 | 0 | @a住宅市场@x生态建筑@x居民@x消费心理@x支付方式 |
| 690 | @aF293.35@v5 | |
| 701 | 0 | @a李倩文@9li qian wen@4著 |
| 701 | 0 | @a龙如银@9long ru yin@4著 |
| 801 | 0 | @aCN@c20250909 |
| 905 | @a河南城建学院图书馆@dF293.35@eL237@ZL237@f1 | |
| 城市居民绿色住宅支付响应的机理、测度及助推策略=Mechanism, measurement, and nudge strategies of green housing payment response for urban residents/李倩文,龙如银著.-北京:中国社会科学出版社,2024.07 |
| 472页:图;24cm |
| ISBN 978-7-5227-3893-2:CNY158.00 |
| 本书聚焦城市居民绿色住宅溢价支付的关键因素、结构特征与实现机制识别、溢价支付水平阈值测度及助推绿色住宅推广的多阶政策体系设计等核心问题,使用多学科的理论与方法进行研究,在研究过程中注重研究方法选用的科学性。 |
| ● |
| 相关链接 |
|
|
|
正题名:城市居民绿色住宅支付响应的机理、测度及助
索取号:F293.35/L237
 
预约/预借
| 序号 | 登录号 | 条形码 | 馆藏地/架位号 | 状态 | 备注 |
| 1 | 1632938 | 216329382 | 社科库409/409社科库 111排2列6层/ [索取号:F293.35/L237] | 在馆 |